Απολλωνίου Κωνικά

Αποθηκεύτηκε σε:
Λεπτομέρειες βιβλιογραφικής εγγραφής
Κύριος συγγραφέας: Απολλώνιος ο Ρόδιος, 295 - π. 190
Άλλοι συγγραφείς: Σταμάτης, Ευάγγελος Σ.
Μορφή: Βιβλίο
Γλώσσα:Greek
Δημοσίευση: Αθήνα : Τεχνικό Επιμελητήριο της Ελλάδος, 1976.
Θέματα:
Ετικέτες: Προσθήκη ετικέτας
Δεν υπάρχουν, Καταχωρήστε ετικέτα πρώτοι!

MARC

LEADER 00000cam a2200000 i 4500
001 1/36410
008 970403s1976 gr | ||| |||| ||gre||
035 |a 1995  |c ΒΙΒΛΙΟΘΗΚΗ  |l 10040234 
040 |a GR-MyUA  |b gre  |e AACR2 
041 0 |a gre 
082 0 |a 516.009014 
100 0 |a Απολλώνιος ο Ρόδιος,   |d 295 - π. 190. 
245 1 0 |a Απολλωνίου Κωνικά /   |c Απολλώνιος ; μετάφραση Ευαγγέλου Σ. Σταμάτη.  
260 |a Αθήνα :   |b Τεχνικό Επιμελητήριο της Ελλάδος,   |c 1976.  
300 |a 4 τ. ;   |c 23 εκ.  
505 0 |a Τ. 1. Μαρτυρίαι ελληνικαί-λατινικαί, βιβλίο Α -- τ. 2. Βιβλία Β και Γ -- τ. 3. Βιβλία Δ, Ε και ΣΤ -- τ. 4. Βιβλίο Ζ-αποσπάσματα-λήμματα Παππου-σχόλια Ευτοκίου.  
650 0 0 |a Geometry, Plane  |x Early works to 1800. 
650 0 0 |a Mathematics, Greek  |x Early works to 1800. 
700 1 |a Σταμάτης, Ευάγγελος Σ. 
852 |a INST  |b SAMOS  |e 19970403  |h 516.009014 ΑΠΟ  |p 005300004141  |q 005300004141  |t BK  |y 0  |z τ.1 
852 |a INST  |b SAMOS  |e 19970403  |h 516.009014 ΑΠΟ  |p 005300004142  |q 005300004142  |t BK  |y 0  |z τ.2 
852 |a INST  |b SAMOS  |e 19970403  |h 516.009014 ΑΠΟ  |p 005300004143  |q 005300004143  |t BK  |y 0  |z τ.3 
852 |a INST  |b SAMOS  |e 19970403  |h 516.009014 ΑΠΟ  |p 005300004144  |q 005300004144  |t BK  |y 0  |z τ.4 
852 |a INST  |b SAMOS  |e 19970403  |h 516.009014 ΑΠΟ  |p 005300004141  |q 005300004141  |t BK  |v τ.1:  |y 0  |z τ.1 
852 |a INST  |b SAMOS  |e 19970403  |h 516.009014 ΑΠΟ  |p 005300004142  |q 005300004142  |t BK  |v τ.2:  |y 0  |z τ.2 
852 |a INST  |b SAMOS  |e 19970403  |h 516.009014 ΑΠΟ  |p 005300004143  |q 005300004143  |t BK  |v τ.3:  |y 0  |z τ.3 
852 |a INST  |b SAMOS  |e 19970403  |h 516.009014 ΑΠΟ  |p 005300004144  |q 005300004144  |t BK  |v τ.4:  |y 0  |z τ.4 
853 |a INST  |b SAMOS  |h 516.009014 ΑΠΟ 
909 |a Σ  |b 035506 
909 |a Σ  |b 035507 
909 |a Σ  |b 035508 
909 |a Σ  |b 035509